[Event "New Delhi op 21st"]
[Site "New Delhi"]
[Date "2025.06.08"]
[Round "2"]
[White "Rachit, H Gurnani"]
[Black "Ghosh, Diptayan"]
[Result "0-1"]
[WhiteElo "1976"]
[BlackElo "2573"]
[PlyCount "152"]
[EventDate "2025.06.07"]
[EventType "swiss"]
[EventRounds "10"]
[EventCountry "IND"]
[SourceTitle "CB26_2025"]
[SourceDate "2025.06.25"]
[SourceVersion "1"]
[SourceVersionDate "2025.06.25"]
[SourceQuality "1"]

1. e4 e5 2. Nf3 Nc6 3. Bb5 a6 4. Ba4 Nf6 5. 0-0 Be7 6. Re1 b5 7. Bb3 d6 8. c3 0-0 9. h3 Nb8 10. d4 Nbd7 11. Nbd2 Bb7 12. Bc2 Re8 13. Nf1 Bf8 14. Ng3 a5 15. Bd2 a4 16. Bd3 c6 17. Qc2 Qb6 18. b4 axb3 19. axb3 g6 20. b4 Rec8 21. Qb3 Qd8 22. h4 Rxa1 23. Rxa1 Ra8 24. Re1 Ng4 25. Ng5 Qe7 26. f3 Nh6 27. Ne2 Bg7 28. g3 Nb6 29. Be3 exd4 30. Nxd4 Nd7 31. Nh3 Kh8 32. Qb2 Ne5 33. Be2 Qd7 34. Nf2 Qe8 35. Qd2 Ng8 36. Nb3 Rd8 37. Bb6 Rd7 38. Bd4 Qe6 39. Na5 c5 40. Be3 cxb4 41. cxb4 Nf6 42. Bd4 Ba8 43. Qc3 Rd8 44. Rc1 Kg8 45. Qc7 Rf8 46. Qc3 Rb8 47. Ba7 Rd8 48. Bb6 Re8 49. Bd4 Rb8 50. Ba7 Rd8 51. Bb6 Rf8 52. Bd4 Rb8 53. Ba7 Re8 54. Bxb5 Nfd7 55. Be2 Nc6 56. Qe3 Nxb4 57. Bd4 Be5 58. f4 Bxd4 59. Qxd4 Qa2 60. Bg4 Qa3 61. Qc3 Qxc3 62. Rxc3 Nf6 63. Rc4 Nd3 64. Bf3 Nxf2 65. Kxf2 Bxe4 66. Rd4 d5 67. Nc6 Ra8 68. Nb4 Ra3 69. Be2 h5 70. Rd1 Kg7 71. Nc6 Bf5 72. Ne7 Ne4+ 73. Ke1 Nxg3 74. Nxf5+ Nxf5 75. Rxd5 Nxh4 76. Rd7 Ra4 0-1

[Event "Ljubljana op"]
[Site "Ljubljana"]
[Date "2025.05.03"]
[Round "8"]
[White "Ghosh, Diptayan"]
[Black "Tulchynskyi, Feliks"]
[Result "1/2-1/2"]
[WhiteElo "2573"]
[BlackElo "2380"]
[PlyCount "51"]
[EventDate "2025.04.28"]
[EventType "swiss"]
[EventRounds "9"]
[EventCountry "SLO"]
[SourceTitle "CB19_2025"]
[SourceDate "2025.05.07"]
[SourceVersion "1"]
[SourceVersionDate "2025.05.07"]
[SourceQuality "1"]

1. d4 Nf6 2. c4 e6 3. Nf3 d5 4. Nc3 Bb4 5. Bg5 h6 6. Bxf6 Qxf6 7. e3 0-0 8. Rc1 dxc4 9. Bxc4 c5 10. 0-0 cxd4 11. Ne4 Qe7 12. exd4 Bd7 13. a3 Bc6 14. Qc2 Bd6 15. Rfe1 Bxe4 16. Qxe4 Nd7 17. Qxb7 Rab8 18. Qxa7 Rxb2 19. Rb1 Rbb8 20. Rbc1 Rb2 21. Rb1 Rfb8 22. Rxb2 Rxb2 23. Qa8+ Rb8 24. Qc6 Bxa3 25. g3 Qd6 26. Qe4 1/2-1/2

[Event "Ljubljana op"]
[Site "Ljubljana"]
[Date "2025.04.29"]
[Round "3"]
[White "Degraeve, Remy"]
[Black "Ghosh, Diptayan"]
[Result "0-1"]
[WhiteElo "2393"]
[BlackElo "2573"]
[PlyCount "152"]
[EventDate "2025.04.28"]
[EventType "swiss"]
[EventRounds "9"]
[EventCountry "SLO"]
[SourceTitle "CB19_2025"]
[SourceDate "2025.05.07"]
[SourceVersion "1"]
[SourceVersionDate "2025.05.07"]
[SourceQuality "1"]

1. e4 e5 2. Nf3 Nc6 3. Bb5 a6 4. Ba4 Nf6 5. 0-0 Be7 6. d3 d6 7. c4 0-0 8. h3 Be6 9. Nc3 Nd7 10. Be3 f5 11. exf5 Bxf5 12. d4 exd4 13. Nxd4 Nxd4 14. Bxd4 Nc5 15. Bc2 Bxc2 16. Qxc2 Ne6 17. Be3 Qd7 18. f4 Bf6 19. Nd5 Qf7 20. f5 Nd4 21. Qd2 Nc6 22. Bg5 Ne5 23. Bxf6 gxf6 24. b3 Kh8 25. Qh6 Rae8 26. Rad1 Rd8 27. Nf4 Rg8 28. Ne6 Rd7 29. Kh1 Re7 30. Rd4 Ree8 31. Rfd1 Nc6 32. Rh4 Ne7 33. g4 Ng6 34. Qh5 Rxe6 35. fxe6 Qe7 36. Re1 f5 37. g5 c5 38. a4 b6 39. Rf1 Nxh4 40. Qxh4 Rxg5 41. Qf4 h6 42. Qe3 Rg6 43. Qc3+ Kg8 44. Rxf5 Qxe6 45. Rf1 Qe4+ 46. Qf3 Qxf3+ 47. Rxf3 Kg7 48. Kh2 Rf6 49. Re3 Kf7 50. Kg3 Re6 51. Rd3 Ke7 52. Kf4 Rf6+ 53. Kg4 Kd7 54. h4 Kc6 55. h5 b5 56. axb5+ axb5 57. Rd1 bxc4 58. bxc4 Rf2 59. Ra1 Rg2+ 60. Kh4 Rd2 61. Ra4 Rd4+ 62. Kg3 Kb7 63. Ra3 Rxc4 64. Rf3 Rd4 65. Rf6 c4 66. Rxh6 c3 67. Rh7+ Kb6 68. Rh8 Rc4 69. Rb8+ Kc5 70. Rb1 c2 71. Rc1 Kd4 72. h6 Kd3 73. h7 Rc8 74. Rf1 Rh8 75. Rf3+ Kd2 76. Rf2+ Kc3 0-1

[Event "Fagernes op"]
[Site "Fagernes"]
[Date "2025.04.16"]
[Round "4"]
[White "Ghosh, Diptayan"]
[Black "Zhou, Yang Fan"]
[Result "1/2-1/2"]
[WhiteElo "2573"]
[BlackElo "2418"]
[PlyCount "109"]
[EventDate "2025.04.13"]
[EventType "swiss"]
[EventRounds "9"]
[EventCountry "NOR"]
[SourceTitle "CB17_2025"]
[SourceDate "2025.04.23"]
[SourceVersion "1"]
[SourceVersionDate "2025.04.23"]
[SourceQuality "1"]

1. d4 Nf6 2. c4 g6 3. Nc3 d5 4. cxd5 Nxd5 5. e4 Nxc3 6. bxc3 Bg7 7. Bc4 c5 8. Ne2 0-0 9. d5 Nd7 10. 0-0 Nb6 11. Bb3 c4 12. Bc2 f5 13. Re1 fxe4 14. Bxe4 Bf5 15. Bf3 Qd7 16. Ba3 Rad8 17. Nd4 Rfe8 18. Nxf5 gxf5 19. Qd2 Nxd5 20. Rad1 e6 21. Bh5 Qc6 22. Bxe8 Rxe8 23. Bb2 b5 24. Ba1 a6 25. a4 bxa4 26. Rb1 a3 27. g3 Nf6 28. Qe3 Nd7 29. Qf4 Nb6 30. Qc1 Bf8 31. Qg5+ Bg7 32. Qc1 Qc5 33. Re2 h6 34. Ra2 Bf8 35. Qd1 Qc6 36. Qh5 Kg7 37. Re2 Bc5 38. Rd1 Nd5 39. Qf3 Re7 40. Rde1 Qb6 41. g4 fxg4 42. Qxg4+ Kh8 43. Qxc4 Bxf2+ 44. Rxf2 Rg7+ 45. Kf1 Ne3+ 46. Rxe3 Qxe3 47. Qd4 Qc1+ 48. Ke2 Qc2+ 49. Ke3 Qc1+ 50. Qd2 Qg1 51. Qd8+ Kh7 52. Qd3+ Kg8 53. Qd8+ Kh7 54. Qd3+ Kg8 55. Qd8+ 1/2-1/2

[Event "Fagernes op"]
[Site "Fagernes"]
[Date "2025.04.16"]
[Round "5"]
[White "Kreken, Eivind Grunt"]
[Black "Ghosh, Diptayan"]
[Result "0-1"]
[WhiteElo "2326"]
[BlackElo "2573"]
[PlyCount "78"]
[EventDate "2025.04.13"]
[EventType "swiss"]
[EventRounds "9"]
[EventCountry "NOR"]
[SourceTitle "CB17_2025"]
[SourceDate "2025.04.23"]
[SourceVersion "1"]
[SourceVersionDate "2025.04.23"]
[SourceQuality "1"]

1. e4 c6 2. c4 d5 3. cxd5 cxd5 4. exd5 Nf6 5. Qa4+ Nbd7 6. Nc3 g6 7. Nf3 Bg7 8. Bc4 0-0 9. d3 a6 10. Qa3 b6 11. 0-0 Bb7 12. Re1 Re8 13. Bd2 Bf8 14. d4 b5 15. Qb3 Nb6 16. Be2 Nbxd5 17. a4 b4 18. Nxd5 Bxd5 19. Qxb4 e6 20. Qa5 Qb8 21. b4 Ne4 22. b5 Bd6 23. h3 axb5 24. Qxb5 Nxd2 25. Nxd2 Bb4 26. Red1 Bc3 27. Rac1 Bxd4 28. Nf3 Bf6 29. Rb1 Qa7 30. Qb6 Qxb6 31. Rxb6 Rxa4 32. Rd6 Ra5 33. Rc1 Ra2 34. Kf1 Rea8 35. Rb6 Kg7 36. Bd3 Bxf3 37. gxf3 Bd4 38. Rd6 Rxf2+ 39. Ke1 Be3 0-1

[Event "Fagernes op"]
[Site "Fagernes"]
[Date "2025.04.15"]
[Round "3"]
[White "Csonka, Balazs"]
[Black "Ghosh, Diptayan"]
[Result "1/2-1/2"]
[WhiteElo "2459"]
[BlackElo "2573"]
[PlyCount "27"]
[EventDate "2025.04.13"]
[EventType "swiss"]
[EventRounds "9"]
[EventCountry "NOR"]
[SourceTitle "CB17_2025"]
[SourceDate "2025.04.23"]
[SourceVersion "1"]
[SourceVersionDate "2025.04.23"]
[SourceQuality "1"]

1. d4 Nf6 2. c4 e6 3. Nc3 Bb4 4. Qc2 d5 5. a3 Bxc3+ 6. Qxc3 0-0 7. Nf3 Nbd7 8. Bg5 h6 9. Bxf6 Nxf6 10. e3 b6 11. cxd5 Nxd5 12. Qb3 Bb7 13. Be2 Rc8 14. 0-0 1/2-1/2

[Event "Fagernes op"]
[Site "Fagernes"]
[Date "2025.04.13"]
[Round "1"]
[White "Gandrud, Vegar Koi"]
[Black "Ghosh, Diptayan"]
[Result "1/2-1/2"]
[WhiteElo "2273"]
[BlackElo "2573"]
[PlyCount "158"]
[EventDate "2025.04.13"]
[EventType "swiss"]
[EventRounds "9"]
[EventCountry "NOR"]
[SourceTitle "CB17_2025"]
[SourceDate "2025.04.23"]
[SourceVersion "1"]
[SourceVersionDate "2025.04.23"]
[SourceQuality "1"]

1. d4 Nf6 2. c4 e6 3. Nf3 d5 4. g3 Be7 5. Bg2 0-0 6. 0-0 c6 7. Nc3 a5 8. b3 b6 9. Bb2 Ba6 10. a4 Nbd7 11. Nd2 Bb4 12. Qc2 Rc8 13. e4 dxc4 14. bxc4 e5 15. Na2 Bxd2 16. Qxd2 exd4 17. Qxd4 Nc5 18. e5 Qxd4 19. Bxd4 Nfd7 20. Rfb1 Bxc4 21. Bxc5 Nxc5 22. Rxb6 Nd7 23. Rxc6 Rxc6 24. Bxc6 Nxe5 25. Bg2 Rb8 26. Nc3 Kf8 27. Re1 Nd3 28. Re4 Be6 29. Bf1 Rc8 30. Bxd3 Rxc3 31. Rd4 Rc5 32. f4 h6 33. Kf2 Ke7 34. h4 Rc3 35. Ke3 Ra3 36. Ke2 Ra2+ 37. Ke3 Ra3 38. Kf2 Ra2+ 39. Ke3 Ra3 40. Kf2 Bd7 41. Bb5 Bxb5 42. axb5 Rb3 43. Rc4 Rxb5 44. Rc7+ Ke6 45. Ra7 h5 46. Kg2 g6 47. Kh3 Rc5 48. Kg2 Rf5 49. Kf3 Rb5 50. Kg2 f6 51. Ra6+ Kf5 52. Kh3 Rc5 53. Ra7 Rd5 54. Ra6 Rb5 55. Ra7 Ke4 56. Ra6 Rf5 57. Kg2 g5 58. hxg5 fxg5 59. fxg5 Rxg5 60. Kf2 Kd3 61. Ra8 Kc4 62. Ke2 Kb3 63. Rb8+ Ka3 64. Kd2 a4 65. Rh8 Kb2 66. Rb8+ Ka2 67. Rb4 a3 68. Kc2 Rxg3 69. Rh4 Rg5 70. Kc3 Rg3+ 71. Kc2 Rg2+ 72. Kc3 Rg1 73. Rxh5 Kb1 74. Rb5+ Ka1 75. Kc2 Rg2+ 76. Kc1 Rb2 77. Rc5 Rb8 78. Rc7 a2 79. Kc2 Ra8 1/2-1/2

[Event "IND-ch Rapid"]
[Site "Mahilong"]
[Date "2025.03.22"]
[Round "10"]
[White "Ghosh, Diptayan"]
[Black "Laxman, Rajaram"]
[Result "1-0"]
[WhiteElo "2469"]
[BlackElo "2266"]
[PlyCount "93"]
[EventDate "2025.03.20"]
[EventType "tourn (rapid)"]
[EventRounds "11"]
[EventCountry "IND"]
[SourceTitle "CB13_2025"]
[SourceDate "2025.03.26"]
[SourceVersion "1"]
[SourceVersionDate "2025.03.26"]
[SourceQuality "1"]

1. Nf3 Nf6 2. c4 e6 3. Nc3 d5 4. e3 c5 5. cxd5 exd5 6. d4 a6 7. b3 Nc6 8. Bb2 cxd4 9. Nxd4 Bd6 10. Be2 0-0 11. 0-0 Re8 12. Nxc6 bxc6 13. Rc1 Bb7 14. Bf3 Qe7 15. Na4 Rad8 16. Qd4 h6 17. Qh4 Ne4 18. Qxe7 Rxe7 19. Rfd1 Ng5 20. Be2 Ne6 21. Bg4 Ng5 22. Bd4 Ne6 23. Bb6 Rde8 24. g3 g6 25. Nc5 Bxc5 26. Bxc5 Rd7 27. Bb6 f5 28. Bf3 Kg7 29. b4 Ng5 30. Be2 Ne4 31. Rd3 g5 32. Ra3 Ra8 33. f3 Nd6 34. Kf2 Kf7 35. Bc5 Nc4 36. Rd3 Ke6 37. Rdd1 Nd6 38. a4 Nf7 39. h4 Ne5 40. hxg5 hxg5 41. Rh1 g4 42. Rh6+ Kf7 43. f4 Nf3 44. Rch1 Rg8 45. R1h5 Rg6 46. Rxf5+ Kg7 47. Bf8+ 1-0

[Event "IND-ch Rapid"]
[Site "Mahilong"]
[Date "2025.03.21"]
[Round "5"]
[White "Aradhya, Garg"]
[Black "Ghosh, Diptayan"]
[Result "1-0"]
[WhiteElo "2202"]
[BlackElo "2469"]
[PlyCount "101"]
[EventDate "2025.03.20"]
[EventType "tourn (rapid)"]
[EventRounds "11"]
[EventCountry "IND"]
[SourceTitle "CB13_2025"]
[SourceDate "2025.03.26"]
[SourceVersion "1"]
[SourceVersionDate "2025.03.26"]
[SourceQuality "1"]

1. d4 Nf6 2. c4 e6 3. Nf3 h6 4. a3 d5 5. Nc3 c6 6. e3 Nbd7 7. Bd3 Bd6 8. e4 dxe4 9. Nxe4 Nxe4 10. Bxe4 0-0 11. 0-0 e5 12. Bc2 Bc7 13. Re1 exd4 14. Qxd4 Ne5 15. Qe4 Nxf3+ 16. Qxf3 Qh4 17. h3 f5 18. b4 Bd7 19. Bb2 Rae8 20. c5 Qf4 21. Bb3+ Kh7 22. Qxf4 Bxf4 23. Red1 Bc8 24. Re1 Bc7 25. Rad1 g5 26. Bf6 Kg6 27. Be7 Rh8 28. h4 Rh7 29. Bd6 Rxe1+ 30. Rxe1 Bxd6 31. cxd6 gxh4 32. f4 Kf6 33. Kh2 Bd7 34. a4 Rg7 35. a5 b6 36. axb6 axb6 37. Ba2 c5 38. bxc5 bxc5 39. Re5 Rg3 40. Re7 Ra3 41. Bg8 Bc6 42. Rc7 Be4 43. Bc4 Ra8 44. Rf7+ Kg6 45. Re7 Rd8 46. d7 Kf6 47. Re6+ Kg7 48. Bb5 c4 49. Re8 Rxd7 50. Bxd7 c3 51. Rc8 1-0

[Event "Nova Gorica op 29th"]
[Site "Nova Gorica"]
[Date "2025.01.30"]
[Round "8"]
[White "Ghosh, Diptayan"]
[Black "Dobrovoljc, Vid"]
[Result "1-0"]
[WhiteElo "2569"]
[BlackElo "2365"]
[PlyCount "81"]
[EventDate "2025.01.24"]
[EventType "swiss"]
[EventRounds "9"]
[EventCountry "SLO"]
[SourceTitle "CB06_2025"]
[SourceDate "2025.02.05"]
[SourceVersion "1"]
[SourceVersionDate "2025.02.05"]
[SourceQuality "1"]

1. d4 Nf6 2. Nf3 g6 3. Nbd2 d5 4. b3 Bg7 5. Bb2 0-0 6. e3 Bf5 7. c4 Ne4 8. cxd5 Qxd5 9. Bc4 Qa5 10. 0-0 Nd7 11. Nxe4 Bxe4 12. Nd2 Bc6 13. Qc2 Nb6 14. Be2 Rac8 15. Bc3 Qg5 16. e4 e6 17. Rad1 Rfd8 18. a4 Be8 19. Nf3 Qe7 20. a5 Nd7 21. Rfe1 c5 22. d5 exd5 23. exd5 Bxc3 24. Qxc3 Qf6 25. Qe3 b6 26. a6 Qd6 27. Nd2 Nf6 28. Nc4 Qb8 29. Bf3 b5 30. Na5 Bd7 31. Nc6 Bxc6 32. dxc6 Qb6 33. Qe5 Kg7 34. g4 Re8 35. Qa1 Rxe1+ 36. Rxe1 g5 37. h4 h6 38. hxg5 hxg5 39. Qe5 Re8 40. Qxg5+ Kf8 41. Rc1 1-0

[Event "Nova Gorica op 29th"]
[Site "Nova Gorica"]
[Date "2025.01.29"]
[Round "7"]
[White "Furlan, Miha"]
[Black "Ghosh, Diptayan"]
[Result "0-1"]
[WhiteElo "2183"]
[BlackElo "2569"]
[PlyCount "56"]
[EventDate "2025.01.24"]
[EventType "swiss"]
[EventRounds "9"]
[EventCountry "SLO"]
[SourceTitle "CB06_2025"]
[SourceDate "2025.02.05"]
[SourceVersion "1"]
[SourceVersionDate "2025.02.05"]
[SourceQuality "1"]

1. e4 c6 2. d4 d5 3. Nc3 dxe4 4. Nxe4 Nf6 5. Nxf6+ exf6 6. Be3 Bd6 7. Bd3 f5 8. Ne2 Nd7 9. c3 Nf6 10. Qc2 g6 11. Bh6 Ng4 12. Bf4 Be6 13. Qd2 0-0 14. 0-0 Re8 15. f3 Nf6 16. Bxd6 Qxd6 17. c4 Rad8 18. Rad1 Nh5 19. b3 Bc8 20. Rfe1 Re7 21. Bc2 Rde8 22. b4 Re3 23. Bb3 Qe7 24. Kf1 f4 25. d5 Qg5 26. Nc3 Rxf3+ 27. Kg1 Rfe3 28. Kh1 Qe5 0-1

[Event "Nova Gorica op 29th"]
[Site "Nova Gorica"]
[Date "2025.01.25"]
[Round "3"]
[White "Popovic, Milan S"]
[Black "Ghosh, Diptayan"]
[Result "0-1"]
[WhiteElo "2321"]
[BlackElo "2569"]
[PlyCount "134"]
[EventDate "2025.01.24"]
[EventType "swiss"]
[EventRounds "9"]
[EventCountry "SLO"]
[SourceTitle "CB06_2025"]
[SourceDate "2025.02.05"]
[SourceVersion "1"]
[SourceVersionDate "2025.02.05"]
[SourceQuality "1"]

1. e4 c6 2. d4 d5 3. f3 Qb6 4. Nc3 dxe4 5. Bc4 Nf6 6. fxe4 e5 7. dxe5 Ng4 8. Qe2 Nxe5 9. Bb3 Bg4 10. Nf3 Nbd7 11. h3 Bh5 12. Bd2 Bb4 13. 0-0-0 0-0-0 14. g4 Bg6 15. Rhf1 Nxf3 16. Qxf3 Ne5 17. Qg3 Bd6 18. Bf4 f6 19. g5 Qc7 20. gxf6 gxf6 21. Kb1 Kb8 22. Rd2 Bc5 23. Rfd1 Rxd2 24. Rxd2 Re8 25. Qh4 Qe7 26. Qe1 Rd8 27. a3 Rxd2 28. Qxd2 Qd6 29. Qe2 Qd4 30. Ka2 Kc8 31. h4 Qf2 32. Be6+ Kd8 33. Qd1+ Ke7 34. Bxe5 Kxe6 35. Bc7 Qd4 36. Qf3 Ke7 37. b3 Qd2 38. Kb2 Be3 39. Ne2 Bd4+ 40. Nxd4 Qxd4+ 41. Qc3 Qxe4 42. Qb4+ Qxb4 43. axb4 b5 44. c4 Ke6 45. cxb5 cxb5 46. Kc3 Kd5 47. Kd2 Ke4 48. Ke2 f5 49. Kf2 f4 50. Bd6 Bf7 51. Bb8 a6 52. Bc7 h5 53. Bb6 Bxb3 54. Bc7 Bd5 55. Bb6 Kf5 56. Bc7 Kg4 57. Bd6 Be4 58. Bc7 a5 59. Bxa5 Kxh4 60. Bb6 Kg4 61. Kg1 h4 62. Bf2 h3 63. Kh2 Bf5 64. Bc5 Kf3 65. Bd6 Ke3 66. Kg1 f3 67. Bc5+ Ke2 0-1

[Event "Nova Gorica op 29th"]
[Site "Nova Gorica"]
[Date "2025.01.24"]
[Round "1"]
[White "Milat, Marcel Victor"]
[Black "Ghosh, Diptayan"]
[Result "0-1"]
[WhiteElo "2190"]
[BlackElo "2569"]
[PlyCount "42"]
[EventDate "2025.01.24"]
[EventType "swiss"]
[EventRounds "9"]
[EventCountry "SLO"]
[SourceTitle "CB06_2025"]
[SourceDate "2025.02.05"]
[SourceVersion "1"]
[SourceVersionDate "2025.02.05"]
[SourceQuality "1"]

1. d4 Nf6 2. c4 e6 3. g3 d5 4. Nf3 Be7 5. Bg2 0-0 6. 0-0 a5 7. Qc2 Nc6 8. Nbd2 a4 9. a3 dxc4 10. e3 b5 11. Ne5 Nxe5 12. Bxa8 Nd3 13. Nxc4 bxc4 14. Qxc4 Qd6 15. Bc6 e5 16. Rd1 e4 17. Rxd3 exd3 18. e4 Bd7 19. Bxd7 Qxd7 20. Qxd3 Rd8 21. Be3 Ng4 0-1

[Event "Goa op"]
[Site "Taleigao"]
[Date "2025.01.13"]
[Round "4"]
[White "Nguyen, Duc Hoa"]
[Black "Ghosh, Diptayan"]
[Result "1/2-1/2"]
[WhiteElo "2358"]
[BlackElo "2569"]
[PlyCount "73"]
[EventDate "2025.01.11"]
[EventType "swiss"]
[EventRounds "10"]
[EventCountry "IND"]
[SourceTitle "CB04_2025"]
[SourceDate "2025.01.22"]
[SourceVersion "1"]
[SourceVersionDate "2025.01.22"]
[SourceQuality "1"]

1. e4 c6 2. c4 d5 3. cxd5 cxd5 4. exd5 Nf6 5. Nc3 Nxd5 6. Bc4 e6 7. Nf3 Be7 8. 0-0 0-0 9. d4 Nc6 10. Qe2 a6 11. Bd3 Bd7 12. a3 Rc8 13. Bd2 Bf6 14. Ne4 Nce7 15. Ne5 Bc6 16. Rac1 h6 17. Ng3 Bxe5 18. dxe5 Ng6 19. Bxg6 fxg6 20. Qg4 Kh7 21. Ne4 Qb6 22. b4 Bb5 23. Rfe1 Rxc1 24. Rxc1 Bd7 25. Rc5 Qd8 26. h4 Bc6 27. Nd6 Qd7 28. Qc4 Ne7 29. Qd4 Nf5 30. Nxf5 gxf5 31. Qxd7 Bxd7 32. Rc7 Bc6 33. Be3 Rd8 34. Re7 Re8 35. Rc7 Rd8 36. Bc5 Rd7 37. Rxd7 1/2-1/2

[Event "Goa op"]
[Site "Taleigao"]
[Date "2025.01.12"]
[Round "3"]
[White "Ghosh, Diptayan"]
[Black "Manish, Anto Cristiano F"]
[Result "1-0"]
[WhiteElo "2569"]
[BlackElo "2328"]
[PlyCount "77"]
[EventDate "2025.01.11"]
[EventType "swiss"]
[EventRounds "10"]
[EventCountry "IND"]
[SourceTitle "CB04_2025"]
[SourceDate "2025.01.22"]
[SourceVersion "1"]
[SourceVersionDate "2025.01.22"]
[SourceQuality "1"]

1. Nf3 d5 2. g3 Nf6 3. Bg2 g6 4. c4 c6 5. Qa4 Nbd7 6. cxd5 cxd5 7. 0-0 Bg7 8. d4 0-0 9. Bf4 Nb6 10. Qb3 Bf5 11. Rc1 Rc8 12. Na3 Ne4 13. Rxc8 Bxc8 14. Rc1 Nd6 15. Qb4 Ndc4 16. b3 a5 17. Qe1 e5 18. Bxe5 Nxe5 19. Nxe5 a4 20. bxa4 Nxa4 21. Qb4 Nb6 22. Rb1 Na8 23. Nb5 f6 24. Nd3 Re8 25. Nf4 Bf8 26. Qb3 Kh8 27. e3 Nb6 28. Nxd5 Nxd5 29. Bxd5 Qa5 30. Qc3 Qd8 31. Bf3 Bf5 32. Rc1 Qb6 33. a4 Rc8 34. Qd2 Ra8 35. Qd1 Bd7 36. Rb1 Ra5 37. Nc3 Qc7 38. Rxb7 Qxc3 39. Rxd7 1-0

[Event "Wch Blitz"]
[Site "New York"]
[Date "2024.12.30"]
[Round "9"]
[White "Batsuren, Dambasuren"]
[Black "Ghosh, Diptayan"]
[Result "1-0"]
[WhiteElo "2531"]
[BlackElo "2569"]
[PlyCount "65"]
[EventDate "2024.12.30"]
[EventType "swiss (blitz)"]
[EventRounds "13"]
[EventCountry "USA"]
[SourceTitle "CB01_2025"]
[SourceDate "2025.01.01"]
[SourceVersion "1"]
[SourceVersionDate "2025.01.01"]
[SourceQuality "1"]

1. d4 d5 2. c4 e6 3. Nc3 Nf6 4. cxd5 exd5 5. Bg5 Be7 6. e3 h6 7. Bh4 Bg4 8. Qb3 Nbd7 9. Bxf6 Nxf6 10. Qxb7 Rb8 11. Qxa7 Rxb2 12. Bb5+ c6 13. Bxc6+ Kf8 14. Nge2 Bxe2 15. Nxe2 Bb4+ 16. Kf1 g6 17. Nf4 Qd6 18. Bxd5 Rh7 19. Bf3 g5 20. Nd3 Rd2 21. Rd1 Rc2 22. h3 Rc3 23. g3 Ra3 24. Qb7 Bc3 25. Kg2 Rxa2 26. Rc1 Bd2 27. Rc8+ Kg7 28. Ne5 Qe6 29. Rc7 Kg8 30. Re7 Bxe3 31. Rf1 Qf5 32. Rxf7 Bxf2 33. Qb8+ 1-0

[Event "Wch Blitz"]
[Site "New York"]
[Date "2024.12.30"]
[Round "7"]
[White "Cheparinov, Ivan"]
[Black "Ghosh, Diptayan"]
[Result "1-0"]
[WhiteElo "2646"]
[BlackElo "2569"]
[PlyCount "79"]
[EventDate "2024.12.30"]
[EventType "swiss (blitz)"]
[EventRounds "13"]
[EventCountry "USA"]
[SourceTitle "CB01_2025"]
[SourceDate "2025.01.01"]
[SourceVersion "1"]
[SourceVersionDate "2025.01.01"]
[SourceQuality "1"]

1. Nf3 d5 2. g3 Nd7 3. d4 Ngf6 4. Bg2 Nb6 5. b3 Bf5 6. a4 a5 7. Nh4 Bg4 8. h3 Bh5 9. g4 Bg6 10. Nxg6 hxg6 11. Qd3 e6 12. Nc3 Bb4 13. Bd2 Nbd7 14. e3 Rc8 15. Nb5 Bxd2+ 16. Qxd2 Ra8 17. c4 0-0 18. 0-0 c6 19. Nc3 Qe7 20. f4 Rfd8 21. Qc2 Ne8 22. Rae1 Qb4 23. Na2 Qe7 24. Nc1 Rac8 25. Nd3 c5 26. cxd5 cxd4 27. Qf2 exd5 28. exd4 Qd6 29. f5 g5 30. Qd2 Qf6 31. Ne5 Nf8 32. Qxa5 Nc7 33. Rc1 Qd6 34. Qc5 Qf6 35. Qb4 Qa6 36. Qe7 Qb6 37. Qxf7+ Kh8 38. f6 Nce6 39. Qh5+ Nh7 40. Ng6+ 1-0

[Event "Wch Blitz"]
[Site "New York"]
[Date "2024.12.30"]
[Round "2"]
[White "Ghosh, Diptayan"]
[Black "Niemann, Hans Moke"]
[Result "0-1"]
[WhiteElo "2569"]
[BlackElo "2734"]
[PlyCount "132"]
[EventDate "2024.12.30"]
[EventType "swiss (blitz)"]
[EventRounds "13"]
[EventCountry "USA"]
[SourceTitle "CB01_2025"]
[SourceDate "2025.01.01"]
[SourceVersion "1"]
[SourceVersionDate "2025.01.01"]
[SourceQuality "1"]

1. Nf3 d5 2. g3 Nc6 3. d4 Bf5 4. Bg2 e6 5. 0-0 Nb4 6. Ne1 h5 7. c3 Nc6 8. Nd2 Nf6 9. h4 a5 10. Nd3 Be7 11. Nf3 Ne4 12. Bf4 f6 13. Rc1 g5 14. Be3 Qd6 15. c4 dxc4 16. Rxc4 0-0-0 17. Qa4 Qd5 18. Rc2 gxh4 19. Nxh4 Bh7 20. Rfc1 Kb8 21. Nf4 Qd7 22. Nhg6 Bxg6 23. Nxg6 f5 24. Nxh8 Rxh8 25. Rxc6 bxc6 26. Rxc6 Qd5 27. Qb3+ Qxb3 28. axb3 Bd6 29. Bxe4 fxe4 30. Ra6 Rg8 31. Kf1 Rf8 32. Ke1 Kb7 33. Rxa5 Bb4+ 34. Bd2 Bxa5 35. Bxa5 Kc6 36. Bd2 Kd5 37. Bf4 c6 38. e3 Rf7 39. Kd2 Ra7 40. g4 h4 41. g5 Rg7 42. Ke2 c5 43. Kf1 cxd4 44. exd4 Kxd4 45. Kg2 e5 46. Be3+ Kd5 47. Kh3 Rh7 48. b4 Ke6 49. b5 Kf5 50. b6 Kg6 51. Bd2 Rd7 52. Be3 Kh5 53. Bc5 Kxg5 54. Be3+ Kh5 55. b4 Rh7 56. Bc5 Rd7 57. b5 Kg5 58. Be3+ Kh5 59. Bc5 Rd3+ 60. Kg2 Rd7 61. Kh3 Rf7 62. Be3 Rh7 63. Bc5 Rb7 64. Be3 Rd7 65. Bc5 Rd3+ 66. Be3 Rb3 0-1

[Event "Wch Blitz"]
[Site "New York"]
[Date "2024.12.30"]
[Round "11"]
[White "Macovei, Andrei"]
[Black "Ghosh, Diptayan"]
[Result "1-0"]
[WhiteElo "2477"]
[BlackElo "2569"]
[PlyCount "53"]
[EventDate "2024.12.30"]
[EventType "swiss (blitz)"]
[EventRounds "13"]
[EventCountry "USA"]
[SourceTitle "CB01_2025"]
[SourceDate "2025.01.01"]
[SourceVersion "1"]
[SourceVersionDate "2025.01.01"]
[SourceQuality "1"]

1. e4 e5 2. Nf3 Nc6 3. Bc4 Nf6 4. d3 Bc5 5. c3 d6 6. 0-0 a5 7. Re1 0-0 8. h3 Be6 9. Bb5 Ba7 10. d4 Bd7 11. Ba4 Re8 12. Bc2 h6 13. a4 exd4 14. cxd4 Nb4 15. Nc3 Nxc2 16. Qxc2 c6 17. Bd2 Qc8 18. Qd1 Be6 19. Bf4 d5 20. e5 Nd7 21. Ne2 Qd8 22. Ng3 c5 23. Qd2 cxd4 24. Bxh6 Nc5 25. Nh5 Ne4 26. Qf4 g6 27. Rxe4 1-0

[Event "Wch Rapid"]
[Site "New York"]
[Date "2024.12.28"]
[Round "10"]
[White "Ghosh, Diptayan"]
[Black "Pichot, Alan"]
[Result "1/2-1/2"]
[WhiteElo "2455"]
[BlackElo "2591"]
[PlyCount "46"]
[EventDate "2024.12.26"]
[EventType "swiss (rapid)"]
[EventRounds "13"]
[EventCountry "USA"]
[SourceTitle "CB01_2025"]
[SourceDate "2025.01.01"]
[SourceVersion "1"]
[SourceVersionDate "2025.01.01"]
[SourceQuality "1"]

1. d4 Nf6 2. c4 e6 3. Nc3 Bb4 4. e3 b6 5. Nge2 Ne4 6. Bd2 Nxd2 7. Qxd2 d5 8. a3 Be7 9. cxd5 exd5 10. Nf4 c6 11. g3 0-0 12. Bg2 Nd7 13. 0-0 Nf6 14. b4 a6 15. e4 dxe4 16. Nxe4 Nd5 17. Nxd5 cxd5 18. Nc3 Be6 19. Qa2 Rc8 20. Nxd5 Kh8 21. Qb3 Bf6 22. Rad1 Rc6 23. Qf3 Bxd5 1/2-1/2